000 00996nam a22002297a 4500
999 _c61779
_d61779
005 20240502111245.0
008 240502s2008 enk||||| |||| 00| 0 eng d
020 _a9780781795166x
041 _aeng
080 _a616-006 R-88
245 _aRubin's Pathology:
_bClinicopathologic Foundations of Medicine /
_cRaphael Rubin, Ph.D. Strayer, David S., Emanuel Rubin, M.D. McDonald, Jay M., Ph.D. Michalopoulos, George K.
264 _aPhiladelphia :
_bLippincott Williams,
_c2008.
300 _a1341 p.:
_bill.;
_c28 cm.
653 _aკლინიკური პათოლოგია
653 _aმედიცინა
700 _aRubin, Raphael
_eრედაქტორი
_922034
700 _aStrayer, David S.
_eრედაქტორი
_922035
700 _aRubin, Emanuel
_eრედაქტორი
_922036
700 _aJay M. McDonald
_eრედაქტორი
_922037
700 _aMichalopoulos, George K.
_eრედაქტორი
_922038
942 _2udc
_cBK